[Event "Verbandsliga Suedbaden 2223"]
[Site "Germany"]
[Date "2023.02.12"]
[Round "6.8"]
[White "Klumpp, Jochen"]
[Black "Malachowski, Margrit"]
[Result "1-0"]
[WhiteElo "2052"]
[BlackElo "2059"]
[PlyCount "49"]
[EventDate "2022.09.25"]
[EventType "team-tourn"]
[EventRounds "9"]
[EventCountry "GER"]
[SourceTitle "EXT 2024"]
[Source "ChessBase"]
[SourceDate "2023.10.10"]
[SourceVersion "1"]
[SourceVersionDate "2023.10.10"]
[SourceQuality "1"]
[WhiteTeam "Kuppenheim"]
[BlackTeam "Dreilaendereck"]
[WhiteTeamCountry "GER"]
[BlackTeamCountry "GER"]

1. Nf3 Nf6 2. g3 d5 3. Bg2 Bg4 4. c4 c6 5. cxd5 cxd5 6. Ne5 Bd7 7. d4 e6 8. Nc3 Qb6 9. 0-0 Nc6 10. Nxd7 Nxd7 11. e4 dxe4 12. d5 Nce5 13. Bxe4 Be7 14. Be3 Qxb2 15. Bd4 Bf6 16. dxe6 fxe6 17. Rb1 Qa3 18. Nb5 Qa5 19. Nd6+ Ke7 20. Nxb7 Qa3 21. Bb2 Qa6 22. a4 Nc4 23. Qxd7+ Kxd7 24. Nc5+ Ke7 25. Bxf6+ 1-0

[Event "Verbandsliga Suedbaden 1920"]
[Site "Baden"]
[Date "2020.03.08"]
[Round "7.6"]
[White "Terraz, Christian"]
[Black "Malachowski, Margrit"]
[Result "1-0"]
[WhiteElo "2029"]
[BlackElo "2061"]
[PlyCount "55"]
[EventDate "2019.09.29"]
[EventType "team-tourn"]
[EventRounds "9"]
[EventCountry "GER"]
[SourceTitle "EXT 2021"]
[Source "ChessBase"]
[SourceDate "2020.10.23"]
[SourceVersion "1"]
[SourceVersionDate "2020.10.23"]
[SourceQuality "1"]
[WhiteTeam "Dreisamtal"]
[BlackTeam "Dreilaendereck II"]
[WhiteTeamCountry "GER"]
[BlackTeamCountry "GER"]

1. d4 d5 2. Nf3 Nf6 3. e3 e6 4. Bd3 b6 5. Nbd2 Be7 6. e4 dxe4 7. Nxe4 Bb7 8. Qe2 Nbd7 9. Bd2 0-0 10. 0-0 Nxe4 11. Bxe4 Bxe4 12. Qxe4 c5 13. Rfd1 Nf6 14. Qe2 Qc7 15. c4 cxd4 16. Nxd4 Rfd8 17. Bc3 Rac8 18. b3 a6 19. Rd3 Qb7 20. Rad1 Ne4 21. Bb2 Bf6 22. Nf3 Rxd3 23. Rxd3 Bxb2 24. Qxb2 Nc5 25. Rd4 f6 26. Qd2 Re8 27. b4 e5 28. Rd8 1-0

[Event "Verbandsliga Suedbaden 1415"]
[Site "Baden"]
[Date "2014.11.02"]
[Round "2.7"]
[White "Malachowski, Margrit"]
[Black "Weidauer, Sigurd"]
[Result "0-1"]
[WhiteElo "2145"]
[BlackElo "1976"]
[PlyCount "129"]
[EventDate "2014.10.12"]
[EventType "team-tourn"]
[EventRounds "9"]
[EventCountry "GER"]
[SourceTitle "EXT 2022"]
[Source "ChessBase"]
[SourceDate "2021.10.06"]
[SourceVersion "1"]
[SourceVersionDate "2021.10.06"]
[SourceQuality "1"]
[WhiteTeam "Dreilaendereck"]
[BlackTeam "Sasbach"]
[WhiteTeamCountry "GER"]
[BlackTeamCountry "GER"]

1. Nf3 c5 2. g3 Nc6 3. Bg2 g6 4. c4 Nf6 5. Nc3 Bg7 6. 0-0 0-0 7. d3 Rb8 8. Bg5 h6 9. Bd2 a6 10. Qc1 Kh7 11. Nd5 e6 12. Nxf6+ Qxf6 13. Bc3 e5 14. Nd2 Qe7 15. f4 exf4 16. Bxg7 Kxg7 17. Rxf4 Nd4 18. Bf1 Nxe2+ 19. Bxe2 Qxe2 20. Qc3+ f6 21. Re4 Qh5 22. Rf1 d5 23. Re7+ Kg8 24. cxd5 Bh3 25. Rfe1 Qxd5 26. Ne4 Rbd8 27. Qc4 b5 28. Qxd5+ Rxd5 29. Nf2 Bd7 30. R1e3 Rf7 31. Kf1 Kf8 32. Rxf7+ Kxf7 33. Ke2 Be6 34. a3 b4 35. axb4 cxb4 36. Kd2 a5 37. h3 f5 38. Re1 a4 39. Ra1 Ra5 40. d4 Bc4 41. Nd1 Bb3 42. Ne3 Ke6 43. Kd3 Ra7 44. Re1 Kd6 45. Ng2 a3 46. bxa3 bxa3 47. Kc3 Bf7 48. Ne3 Rc7+ 49. Kd2 Bb3 50. Ra1 a2 51. Kd3 Kd7 52. Kd2 Rc6 53. Kd3 Kd6 54. Kd2 Kc7 55. Kd3 Kb6 56. d5 Rc8 57. Kd4 Kb5 58. Nd1 Kb4 59. d6 Rc4+ 60. Ke3 Rc6 61. d7 Rd6 62. Nb2 Rxd7 63. Nd3+ Ka3 64. Nc5 Rd1 65. Nxb3 0-1

[Event "Verbandsliga Sued Baden 1011"]
[Site "Baden"]
[Date "2010.11.21"]
[Round "3.3"]
[White "Siegel, Georg"]
[Black "Malachowski, Margrit"]
[Result "0-1"]
[WhiteElo "2298"]
[BlackElo "2173"]
[PlyCount "124"]
[EventDate "2010.10.17"]
[EventType "team-tourn"]
[EventRounds "9"]
[EventCountry "GER"]
[SourceTitle "EXT 2012"]
[Source "ChessBase"]
[SourceDate "2011.11.24"]
[SourceVersion "1"]
[SourceVersionDate "2011.11.24"]
[SourceQuality "1"]
[WhiteTeam "Zaehringen"]
[BlackTeam "Dreilaendereck"]
[WhiteTeamCountry "GER"]
[BlackTeamCountry "GER"]

1. Nf3 Nf6 2. c4 e6 3. Nc3 d5 4. d4 Bb4 5. cxd5 exd5 6. Bg5 0-0 7. e3 h6 8. Bxf6 Qxf6 9. Qb3 Bxc3+ 10. Qxc3 c6 11. b4 Bf5 12. Be2 Nd7 13. 0-0 Rfe8 14. Rac1 Qd6 15. b5 Re6 16. bxc6 bxc6 17. Qa5 Rf6 18. Rc3 Be4 19. Rfc1 Bxf3 20. Bxf3 Qb8 21. h3 Qb7 22. Rb3 Nb6 23. a4 Qc8 24. Bg4 Qe8 25. Qa6 Nc4 26. Qb7 Na5 27. Qb4 Nxb3 28. Qxb3 Rb8 29. Qc3 Qd8 30. a5 Rb5 31. Ra1 Qb8 32. Qe1 Rb2 33. Bf3 Qb5 34. Qc3 Rb1+ 35. Rxb1 Qxb1+ 36. Kh2 Qb8+ 37. Kg1 Qb5 38. Qd2 Rd6 39. Be2 Qb1+ 40. Kh2 Rd8 41. Qc3 Qb8+ 42. Kg1 Qd6 43. Bd3 g6 44. h4 Rd7 45. g3 Rc7 46. a6 c5 47. dxc5 Rxc5 48. Qd4 Rc7 49. Kg2 Qc5 50. Qf6 Qe7 51. Qd4 Qd7 52. Qf4 h5 53. Qe5 Rc8 54. Qd4 Rd8 55. Qf6 Qd6 56. Qd4 Qb6 57. Qe5 d4 58. exd4 Qxd4 59. Qxd4 Rxd4 60. Be2 Kf8 61. Kf3 Ke7 62. Ke3 Ra4 0-1

[Event "Verbandsliga Sued Baden 0809"]
[Site "Germany"]
[Date "2008.11.30"]
[Round "4.4"]
[White "Malachowski, Margrit"]
[Black "Strommayer, Peter"]
[Result "1-0"]
[WhiteElo "2174"]
[BlackElo "1887"]
[PlyCount "93"]
[EventDate "2008.09.28"]
[EventType "team"]
[EventRounds "9"]
[EventCountry "GER"]
[SourceTitle "EXT 2010"]
[Source "ChessBase"]
[SourceDate "2010.11.25"]
[SourceVersion "1"]
[SourceVersionDate "2010.11.25"]
[SourceQuality "1"]
[WhiteTeam "Dreilaendereck"]
[BlackTeam "Engen"]
[WhiteTeamCountry "GER"]
[BlackTeamCountry "GER"]

1. e4 e6 2. d4 d5 3. Nd2 Nf6 4. e5 Nfd7 5. Bd3 c5 6. c3 Nc6 7. Ne2 cxd4 8. cxd4 Qb6 9. Nf3 Bb4+ 10. Bd2 Bxd2+ 11. Qxd2 Qb4 12. 0-0 Qxd2 13. Nxd2 0-0 14. f4 f6 15. Rac1 Nb6 16. a3 Bd7 17. Nb3 Na4 18. Rc2 Rac8 19. Rfc1 a6 20. Nc3 Ne7 21. Nxa4 Rxc2 22. Bxc2 Bxa4 23. Nc5 Bxc2 24. Rxc2 Rc8 25. Rd2 Rc6 26. Nxb7 Nf5 27. Na5 Rc7 28. Kf2 Kf7 29. g4 Ne7 30. Ke3 h6 31. Nb3 g5 32. fxg5 hxg5 33. exf6 Kxf6 34. Rf2+ Kg7 35. Nc5 Rc6 36. b4 Ng6 37. Rb2 Kf7 38. a4 Rb6 39. b5 axb5 40. axb5 Ke7 41. Na4 Rb8 42. b6 Kd6 43. b7 Nf8 44. Nc5 Kc6 45. Rc2 Kd6 46. Ra2 Nd7 47. Ra8 1-0

[Event "Verbandsliga Sued Baden 0809"]
[Site "Germany"]
[Date "2008.11.02"]
[Round "3.4"]
[White "Rogachevskyy, Olexander"]
[Black "Malachowski, Margrit"]
[Result "1/2-1/2"]
[WhiteElo "2029"]
[BlackElo "2174"]
[PlyCount "55"]
[EventDate "2008.09.28"]
[EventType "team"]
[EventRounds "9"]
[EventCountry "GER"]
[SourceTitle "EXT 2010"]
[Source "ChessBase"]
[SourceDate "2010.11.25"]
[SourceVersion "1"]
[SourceVersionDate "2010.11.25"]
[SourceQuality "1"]
[WhiteTeam "Rastatt"]
[BlackTeam "Dreilaendereck"]
[WhiteTeamCountry "GER"]
[BlackTeamCountry "GER"]

1. d4 d5 2. c4 c6 3. Nf3 Nf6 4. Nc3 e6 5. Bg5 Be7 6. e3 Nbd7 7. Bd3 dxc4 8. Bxc4 b5 9. Bd3 a6 10. 0-0 Bb7 11. Rc1 0-0 12. a3 h6 13. Bxf6 Nxf6 14. Ne4 Rc8 15. Nc5 Bxc5 16. dxc5 Qc7 17. Bb1 Rcd8 18. Qc2 Rfe8 19. Rcd1 e5 20. Rxd8 Rxd8 21. Rd1 Rxd1+ 22. Qxd1 g6 23. h3 Bc8 24. Qd2 Be6 25. e4 Nd7 26. b4 Kg7 27. Qc3 f6 28. g4 1/2-1/2

[Event "GER-ch (Women)"]
[Site "Chemnitz"]
[Date "1999.??.??"]
[Round "4"]
[White "Malachowski, Margrit"]
[Black "Eckhardt, Claudia"]
[Result "1-0"]
[WhiteElo "2194"]
[BlackElo "2154"]
[PlyCount "73"]
[EventDate "1999.??.??"]
[EventType "swiss"]
[EventRounds "9"]
[EventCountry "GER"]
[SourceTitle "EXT 2004"]
[Source "ChessBase"]
[SourceDate "2003.11.25"]
[SourceVersion "1"]
[SourceVersionDate "2003.11.25"]
[SourceQuality "1"]

1. e4 c5 2. Nf3 e6 3. d4 cxd4 4. Nxd4 a6 5. Bd3 Bc5 6. c3 Nc6 7. Nxc6 dxc6 8. 0-0 e5 9. b4 Bb6 10. Qe2 Nf6 11. h3 Be6 12. Nd2 Qc7 13. Bc4 Bxc4 14. Nxc4 0-0 15. Bg5 Ba7 16. Bxf6 gxf6 17. Ne3 Kh8 18. Qf3 Qe7 19. Nf5 Qe6 20. Rad1 Rg8 21. Rd6 Qxa2 22. Rxf6 Rg6 23. Nd6 Kg8 24. c4 Qd2 25. Rxg6+ fxg6 26. Qf7+ Kh8 27. Qf6+ Kg8 28. Qe6+ Kh8 29. Qxe5+ Kg8 30. Qe6+ Kh8 31. Qf6+ Kg8 32. Qf7+ Kh8 33. Ne8 Qh6 34. Rd1 Bb8 35. Qf6+ Kg8 36. e5 a5 37. Rd7 1-0

[Event "SUI-chT"]
[Site "Switzerland"]
[Date "1998.10.14"]
[Round "6.5"]
[White "Ruefenacht, Matthias"]
[Black "Malachowski, Margrit"]
[Result "1-0"]
[WhiteElo "2345"]
[BlackElo "2190"]
[PlyCount "71"]
[EventDate "1998.03.29"]
[EventType "team-tourn"]
[EventRounds "9"]
[EventCountry "SUI"]
[SourceTitle "EXT 2006"]
[Source "ChessBase"]
[SourceDate "2005.11.24"]
[SourceVersion "1"]
[SourceVersionDate "2005.11.24"]
[SourceQuality "1"]

1. e4 c6 2. d4 d5 3. Nd2 dxe4 4. Nxe4 Nf6 5. Nxf6+ gxf6 6. Bc4 Bf5 7. Nf3 e6 8. Qe2 Nd7 9. Bf4 Qa5+ 10. c3 0-0-0 11. b4 Qa3 12. 0-0 Nb6 13. Bb3 Nd5 14. Bd2 Bd6 15. Nh4 Bg6 16. g3 f5 17. b5 cxb5 18. Qxb5 Be7 19. Nxg6 hxg6 20. Rab1 Nc7 21. Qe2 Qa6 22. Qxa6 Nxa6 23. h4 Nc7 24. Bd1 Ne8 25. Bf3 Nd6 26. Rfe1 Rd7 27. c4 g5 28. hxg5 Rg8 29. c5 Nc4 30. Bf4 Bxg5 31. c6 Bxf4 32. cxd7+ Kxd7 33. Rxb7+ Kd6 34. Rxa7 Bd2 35. Rd1 f4 36. Be2 1-0

[Event "Verbandsliga Sued Baden 9899"]
[Site "Germany"]
[Date "1998.10.11"]
[Round "1.6"]
[White "Malachowski, Margrit"]
[Black "Richter, Klaus"]
[Result "0-1"]
[WhiteElo "2195"]
[BlackElo "2240"]
[PlyCount "172"]
[EventDate "1998.10.??"]
[EventType "team"]
[EventRounds "9"]
[EventCountry "GER"]
[SourceTitle "EXT 2004"]
[Source "ChessBase"]
[SourceDate "2003.11.25"]
[SourceVersion "1"]
[SourceVersionDate "2003.11.25"]
[SourceQuality "1"]
[WhiteTeam "Dreilaendereck"]
[BlackTeam "Donaueschingen"]
[WhiteTeamCountry "GER"]
[BlackTeamCountry "GER"]

1. e4 e5 2. Nc3 Bc5 3. Bc4 Nf6 4. Nf3 d6 5. h3 Nc6 6. 0-0 Be6 7. Bb3 0-0 8. d3 Bxb3 9. axb3 Nd7 10. Na4 f5 11. Nxc5 Nxc5 12. c3 Kh8 13. Qc2 fxe4 14. dxe4 a5 15. Be3 Ne6 16. Nd2 Qh4 17. f3 Rad8 18. Nc4 b6 19. Rad1 Nf4 20. Bxf4 Qxf4 21. Qf2 Qf7 22. Qc2 a4 23. Nd2 axb3 24. Qxb3 Qxb3 25. Nxb3 Ra8 26. Ra1 Kg8 27. Kf2 Kf7 28. Rfd1 Ke6 29. Ke3 Ne7 30. g3 g5 31. Rh1 Ng6 32. Nd2 Rxa1 33. Rxa1 h5 34. Nc4 h4 35. Rg1 hxg3 36. Rxg3 Kf6 37. Rg1 Nf4 38. Ra1 Rh8 39. Ra7 Ne6 40. Kf2 Rxh3 41. b4 g4 42. fxg4 Rxc3 43. Ne3 Kg5 44. Ra8 Rc1 45. Re8 Nd4 46. Rf8 Rb1 47. Nd5 Rb2+ 48. Kg3 Rb3+ 49. Kg2 Kxg4 50. Rg8+ Kh4 51. Rh8+ Kg5 52. Rg8+ Kh6 53. Nxc7 Rxb4 54. Nd5 Rb2+ 55. Kg3 b5 56. Rd8 Re2 57. Rxd6+ Kg5 58. Rd8 Rxe4 59. Rg8+ Kf5 60. Re8 Rg4+ 61. Kf2 Rh4 62. Rb8 Rh2+ 63. Ke3 Rh3+ 64. Kd2 Rb3 65. Rf8+ Ke6 66. Ne3 Nc6 67. Re8+ Kd6 68. Rh8 Kc5 69. Rh6 Na5 70. Rh5 Nc6 71. Rh6 b4 72. Rh4 Nd4 73. Rh8 Ra3 74. Rc8+ Nc6 75. Ng4 e4 76. Ne5 Ra6 77. Nxc6 Rxc6 78. Re8 Kd4 79. Rb8 Kc4 80. Re8 Rd6+ 81. Kc2 b3+ 82. Kc1 Kd3 83. Kb2 e3 84. Rh8 e2 85. Rh3+ Kd2 86. Rh2 Kd1 0-1

[Event "SUI-chT"]
[Site "Switzerland"]
[Date "1998.03.29"]
[Round "1.7"]
[White "Hammer, Peter"]
[Black "Malachowski, Margrit"]
[Result "1-0"]
[WhiteElo "2290"]
[BlackElo "2190"]
[PlyCount "67"]
[EventDate "1998.03.29"]
[EventType "team-tourn"]
[EventRounds "9"]
[EventCountry "SUI"]
[SourceTitle "EXT 2006"]
[Source "ChessBase"]
[SourceDate "2005.11.24"]
[SourceVersion "1"]
[SourceVersionDate "2005.11.24"]
[SourceQuality "1"]

1. c4 e6 2. g3 d5 3. Bg2 Nf6 4. Nf3 Be7 5. 0-0 0-0 6. d4 c5 7. cxd5 Nxd5 8. Nc3 cxd4 9. Nxd5 exd5 10. Nxd4 Nc6 11. Be3 Bf6 12. Rc1 Bxd4 13. Bxd4 Be6 14. Bc5 Re8 15. Qd2 Qd7 16. Rfe1 f6 17. b3 Rac8 18. Red1 Red8 19. e3 Kh8 20. Rc3 Qf7 21. Rdc1 Qd7 22. h4 g6 23. Bd4 Kg7 24. Rc5 b6 25. R5c3 Ne7 26. Qb2 Nc6 27. Bxf6+ Kxf6 28. Rxc6+ Kf7 29. Rxc8 Rxc8 30. Rd1 Qb5 31. Rd4 Ke7 32. Rf4 Qd3 33. Qa3+ Kd7 34. Qxa7+ 1-0

[Event "GER-ch (Women)"]
[Site "Ottweiler"]
[Date "1997.07.04"]
[Round "8"]
[White "Manakov, Marina"]
[Black "Malachowski, Margrit"]
[Result "1/2-1/2"]
[WhiteElo "2305"]
[BlackElo "2190"]
[PlyCount "68"]
[EventDate "1997.06.27"]
[EventType "swiss"]
[EventRounds "9"]
[EventCountry "GER"]
[SourceTitle "EXT 2013"]
[Source "ChessBase"]
[SourceDate "2012.11.22"]
[SourceVersion "1"]
[SourceVersionDate "2012.11.22"]
[SourceQuality "1"]

1. d4 Nf6 2. Nf3 e6 3. Bg5 c5 4. e3 Qb6 5. Qc1 Ne4 6. Bf4 d5 7. c3 Bd6 8. Bxd6 Qxd6 9. Bd3 Nd7 10. 0-0 0-0 11. c4 b6 12. Rd1 Nef6 13. cxd5 exd5 14. Nc3 Bb7 15. Qc2 Rac8 16. Bf5 g6 17. Bh3 Rcd8 18. Rac1 Rfe8 19. Qa4 Qb8 20. Qa3 a6 21. dxc5 Nxc5 22. Na4 Nxa4 23. Qxa4 Ne4 24. Qd4 Qd6 25. g3 Re7 26. Bg2 Rc7 27. Rxc7 Qxc7 28. Ne5 Nc5 29. Ng4 Ne6 30. Nh6+ Kf8 31. Qf6 Ng7 32. Bf3 Rd6 33. Qf4 Qe7 34. Ng4 g5 1/2-1/2

[Event "Verbandsliga Sued Baden 9697"]
[Site "Baden"]
[Date "1996.09.29"]
[Round "1.6"]
[White "Schwicker, Francois"]
[Black "Malachowski, Margrit"]
[Result "1/2-1/2"]
[WhiteElo "2220"]
[BlackElo "2190"]
[PlyCount "68"]
[EventDate "1996.10.??"]
[EventType "team"]
[EventRounds "9"]
[EventCountry "GER"]
[SourceTitle "EXT 2002"]
[Source "ChessBase"]
[SourceDate "2001.11.25"]
[SourceVersion "1"]
[SourceVersionDate "2001.11.25"]
[SourceQuality "1"]
[WhiteTeam "Kehl"]
[BlackTeam "Dreilaendereck"]
[WhiteTeamCountry "GER"]
[BlackTeamCountry "GER"]

1. d4 d5 2. c4 c6 3. Nf3 Nf6 4. e3 e6 5. Nc3 Be7 6. Bd3 Nbd7 7. 0-0 0-0 8. b3 Re8 9. Bb2 Bd6 10. Qc2 h6 11. e4 dxe4 12. Nxe4 Nxe4 13. Bxe4 Nf6 14. Bd3 Bd7 15. Rad1 Qe7 16. Ne5 Rad8 17. Qe2 c5 18. dxc5 Bxc5 19. Bb1 Bc8 20. Qc2 Rxd1 21. Rxd1 Rd8 22. Rxd8+ Qxd8 23. h3 Kf8 24. a3 a5 25. Nf3 b6 26. Qe2 Bb7 27. Bc2 Qd6 28. a4 Qd8 29. Nd2 Qa8 30. Bxf6 gxf6 31. Be4 Ke7 32. Qg4 Bxe4 33. Nxe4 Bd4 34. Qf4 Be5 1/2-1/2